000 00644nam a2200241Ia 4500
003 OSt
005 20220918212127.0
006 a|||||r|||| 00| 0
007 ta
008 220917b |||||||| |||| 00| 0 eng d
024 _a127,346
037 _cTextual
040 _aARTS
_cARTS
_beng
041 _2eng
_aeng
082 _aX0gA.5.M8, L2
100 _aMusson A E ed
_9122575
245 0 _aScience, technology and economic growth in eighteenth century
260 _c1972
490 _aDebates in economic history
650 _aECONOMICS
942 _hX0gA.5.M8, L2
_cTEXL
_2CC
999 _c250488
_d250488